000 00619nam a22002297a 4500
003 UA-OsUOA
001 90847
007 ta
008 20121120b un ||||| |||| 00| 0 ukr d
100 _aМазур В.Л.
700 _aТимошенко М.В.
090 _a330(477)
_bМ13
942 _cSA
040 _aUA-OsUOA
_bukr
_cUA-OsUOA
_dUA-OsUOA
245 _aНерелізовані можливості наповнення бюджету України
300 _aС.38-48
955 _a0
041 _aukr
080 _a330(477)
773 0 _w90842
650 7 _a330 Економіка взагалі
_2UDC
999 _c377121
_d377121